Американские стандартные методы испытания нефтепродуктов: пер. с англ.

Bibliografiske detaljer
Sprog:russisk
Udgivet: Москва, Гостоптехиздат, 1940
Udgivelse:2-е изд.
Fag:
Format: Bog
KOHA link:https://koha.lib.tpu.ru/cgi-bin/koha/opac-detail.pl?biblionumber=156614

MARC

LEADER 00000nam0a2200000 4500
001 156614
005 20231031153255.0
035 |a (RuTPU)RU\TPU\book\169858 
090 |a 156614 
100 |a 20090330d1940 m y0rusy50 ca 
101 1 |a rus  |c eng 
102 |a RU 
105 |a a z 001zy 
200 1 |a Американские стандартные методы испытания нефтепродуктов  |e пер. с англ. 
205 |a 2-е изд. 
210 |a Москва  |c Гостоптехиздат  |d 1940  |a Ленинград 
215 |a 400 с.  |c ил. 
320 |a Библиогр.: с. 384-387. 
610 1 |a Американские стандарты 
610 1 |a стандартные методы 
610 1 |a испытание 
610 1 |a нефтепродукты 
675 |a 665.71  |v 3 
801 1 |a RU  |b 63413507  |c 20090330  |g PSBO 
801 2 |a RU  |b 63413507  |c 20090715  |g PSBO 
942 |c BK